Loading...
| Science - Physics | 0 | 8 | 1 | 1 | 75 | 41 | 67.50 | 2 | 5 | 0.00 | 0.00 |
| Science - Other | 0 | 6 | 0 | 2 | 60 | 44 | 75.67 | 4 | 6 | 0.00 | 0.00 |
| Science - Chemistry | 0 | 6 | 3 | 0 | 45 | 59 | 76.83 | 2 | 5 | 0.00 | 0.00 |
| Science - Biology | 0 | 6 | 3 | 1 | 45 | 39 | 63.50 | 5 | 5 | 0.00 | 0.00 |
| Religion | 0 | 3 | 1 | 0 | 25 | 28 | 80.67 | 1 | 2 | 0.00 | 0.00 |
| Mythology | 0 | 2 | 1 | 0 | 15 | 38 | 43.50 | 0 | 2 | 0.00 | 0.00 |
| Fine Arts - Visual | 0 | 1 | 0 | 0 | 10 | 48 | 48.00 | 1 | 1 | 0.00 | 0.00 |
| Geography/Current Events | 0 | 1 | 0 | 0 | 10 | 100 | 100.00 | 0 | 1 | 0.00 | 0.00 |
| History - Other | 0 | 1 | 0 | 0 | 10 | 42 | 42.00 | 0 | 1 | 0.00 | 0.00 |
| History - World | 0 | 1 | 0 | 0 | 10 | 69 | 69.00 | 0 | 1 | 0.00 | 0.00 |
| Literature - British | 0 | 1 | 0 | 0 | 10 | 73 | 73.00 | 0 | 0 | 0.00 | 0.00 |
| Literature - European | 0 | 1 | 0 | 0 | 10 | 44 | 44.00 | 0 | 1 | 0.00 | 0.00 |
| Philosophy | 0 | 1 | 1 | 1 | 5 | 126 | 126.00 | 0 | 0 | 0.00 | 0.00 |
| History - American | 0 | 1 | 1 | 0 | 5 | 97 | 97.00 | 0 | 0 | 0.00 | 0.00 |
| Social Science | 0 | 1 | 1 | 0 | 5 | 85 | 85.00 | 1 | 1 | 0.00 | 0.00 |
| History - European | 0 | 0 | 1 | 0 | -5 | 0.00 | 0 | 0 | 0.00 | 0.00 |